| 000 | 00462nam a2200157 4500 | ||
|---|---|---|---|
| 001 | 116632 | ||
| 003 | ES-MaACL | ||
| 005 | 20230906190736.0 | ||
| 007 | t| | ||
| 008 | 061121s1958 sp r ||||1| spa d | ||
| 100 | 1 |
_aOtero del Pozo, Sotero. _987906 |
|
| 245 | 1 | 0 |
_aYo y el tabaco _b: (confesiones de un vicioso) / _cSotero Otero del Pozo. |
| 260 |
_aValladolid : _bSever-Cuesta, _c1958. |
||
| 300 |
_a282 p. ; _c19 cm. |
||
| 852 |
_aES-MaACL _jC-14255 _bR.41988 |
||
| 999 |
_c116632 _d116632 |
||